<?xml version="1.0" encoding="UTF-8"?>
<collection xmlns="http://www.loc.gov/MARC21/slim">
 <record>
  <leader>01724nam a2200265 a 4500</leader>
  <controlfield tag="001">1/49383</controlfield>
  <controlfield tag="008">200626s2012    gr            00010 gre  </controlfield>
  <datafield tag="020" ind1=" " ind2=" ">
   <subfield code="a">9789606757594</subfield>
  </datafield>
  <datafield tag="035" ind1=" " ind2=" ">
   <subfield code="l">52385</subfield>
  </datafield>
  <datafield tag="040" ind1=" " ind2=" ">
   <subfield code="a">GR-PeUP</subfield>
  </datafield>
  <datafield tag="082" ind1="0" ind2="0">
   <subfield code="a">758.99 ΦΛΩ</subfield>
  </datafield>
  <datafield tag="100" ind1="1" ind2=" ">
   <subfield code="a">Φλωρά-Καραβία, Θάλεια,</subfield>
   <subfield code="d">1871-1960.</subfield>
  </datafield>
  <datafield tag="245" ind1="1" ind2="0">
   <subfield code="a">Εντυπώσεις από τον πόλεμο του 1912-1913 :</subfield>
   <subfield code="b">Μακεδονία-Ήπειρος /</subfield>
   <subfield code="c">Θάλειας Φλωρά-Καραβία.</subfield>
  </datafield>
  <datafield tag="260" ind1="0" ind2=" ">
   <subfield code="a">Αθήνα :</subfield>
   <subfield code="b">'Ιδρυμα της Βουλής των Ελλήνων για τον Κοινοβουλευτισμό και τη Δημοκρατία,</subfield>
   <subfield code="c">c2012.</subfield>
  </datafield>
  <datafield tag="300" ind1=" " ind2=" ">
   <subfield code="a">xvii, 149 σ. :</subfield>
   <subfield code="b">εικ., πίν., πορτ. ;</subfield>
   <subfield code="c">24 εκ.</subfield>
  </datafield>
  <datafield tag="650" ind1=" " ind2="4">
   <subfield code="a">Τέχνη και πόλεμος.</subfield>
  </datafield>
  <datafield tag="650" ind1=" " ind2="4">
   <subfield code="a">Πόλεμος στην τέχνη.</subfield>
  </datafield>
  <datafield tag="650" ind1=" " ind2="4">
   <subfield code="a">Ιστορία στην τέχνη.</subfield>
  </datafield>
  <datafield tag="651" ind1=" " ind2="4">
   <subfield code="a">Βαλκανική Χερσόνησος</subfield>
   <subfield code="x">Ιστορία</subfield>
   <subfield code="x">Πόλεμοι</subfield>
   <subfield code="y">1912-1913</subfield>
   <subfield code="x">Εικονογραφημένα έργα.</subfield>
  </datafield>
  <datafield tag="651" ind1=" " ind2="4">
   <subfield code="a">Βαλκανική Χερσόνησος</subfield>
   <subfield code="x">Ιστορία</subfield>
   <subfield code="x">Πόλεμοι</subfield>
   <subfield code="y">1912-1913</subfield>
   <subfield code="x">Προσωπικές αφηγήσεις.</subfield>
  </datafield>
  <datafield tag="651" ind1=" " ind2="0">
   <subfield code="a">Balkan Peninsula</subfield>
   <subfield code="x">History</subfield>
   <subfield code="x">Wars</subfield>
   <subfield code="y">1912-1913</subfield>
   <subfield code="x">Personal narratives.</subfield>
  </datafield>
  <datafield tag="651" ind1=" " ind2="4">
   <subfield code="a">Μακεδονία (Ελλάδα)</subfield>
   <subfield code="x">Ιστορία</subfield>
   <subfield code="y">1912-1913</subfield>
   <subfield code="x">Εικονογραφημένα έργα.</subfield>
  </datafield>
  <datafield tag="651" ind1=" " ind2="4">
   <subfield code="a">Ήπειρος</subfield>
   <subfield code="x">Ιστορία</subfield>
   <subfield code="y">1912-1913</subfield>
   <subfield code="x">Εικονογραφημένα έργα.</subfield>
  </datafield>
  <datafield tag="651" ind1=" " ind2="4">
   <subfield code="a">Βαλκανική Χερσόνησος</subfield>
   <subfield code="x">Ιστορία</subfield>
   <subfield code="x">Πόλεμοι</subfield>
   <subfield code="y">1912-1913</subfield>
   <subfield code="x">Πηγές.</subfield>
  </datafield>
  <datafield tag="852" ind1=" " ind2=" ">
   <subfield code="a">INST</subfield>
   <subfield code="b">UNIPILB</subfield>
   <subfield code="c">MAIN</subfield>
   <subfield code="e">20200626</subfield>
   <subfield code="h">758.99 ΦΛΩ</subfield>
   <subfield code="p">00183290</subfield>
   <subfield code="q">00183290</subfield>
   <subfield code="t">LOAN</subfield>
   <subfield code="y">0</subfield>
   <subfield code="4">1</subfield>
  </datafield>
 </record>
</collection>
